000 00286nam a22001337a 4500
008 170522b xxu||||| |||| 00| 0 eng d
020 _a0671601172
041 _aeng
080 _a94
100 _a16
101 _aSHH
245 _aBOB WOODWARD
_cSIMON AND SCHUSTER
942 _2udc
_cBK
999 _c13758
_d13758